000 00978nam a2200253Ia 4500
003 OSt
005 20220923211307.0
006 a|||||r|||| 00| 0
007 ta
008 220922b |||||||| |||| 00| 0 hin d
020 _a9788179752432 (hbk)
_c255
024 _a245,220
037 _b374, 11/02/2011, Swaraj Prakashan
_cTextual
040 _aARTS
_cARTS
_bhin
041 _2hin
_ahin
082 _aO152,6N06w, P8
100 _aविजयबहादुर सिंह
245 0 _aआलोचक का स्वदेश
_b नंददुलारे वाजपेयी की जीवनी
246 _aĀlochak kā svadesha: nandadulāre vājapeyī kī jīvanī
260 _aदिल्ली
_b अनामिका पब्लिशर्स
_c2008
300 _a304पृ.
_ccm.
942 _hO152,6N06w, P8
_cTEXL
_2CC
999 _c298200
_d298200